Libro de los Narnianos: el león, la bruja y los otros

Guardado en:
Detalles Bibliográficos
Autor principal: Lewis, C. S (Autor)
Formato: Libro
Lenguaje:español
Publicado: Santiago Andrés Bello 1994
Colección:Las Crónicas de Narnia
Materias:
Etiquetas: Agregar Etiqueta
Sin Etiquetas, Sea el primero en etiquetar este registro!

MARC

LEADER 00000nam a2200000 a 4500
001 UCZ5511
003 CL-VaPUC
005 20220513074345.0
008 951123e19940000CL |||||||||||||||||spa|d
999 |c 241813  |d 241811 
040 |c Pontificia Universidad Católica de Valparaíso 
082 0 4 |a 823  |b LEW  |2 21 
100 |a Lewis, C. S  |e author  |9 328236 
245 1 0 |a Libro de los Narnianos: el león, la bruja y los otros 
260 |a Santiago  |b Andrés Bello  |c 1994 
300 |a 88 p 
490 0 |a Las Crónicas de Narnia 
583 |a last modification  |c 19951123 00:00:00  |k Rodrigo Vera 
650 0 |a Cuentos ingleses  |9 265135 
942 |c BK  |2 ddc 
945 |d 19951123 00:00:00  |a rleighto 
952 |0 0  |1 0  |4 0  |6 823_000000000000000_LEW_1994  |7 0  |8 A  |9 254305  |a BIBEDU  |b BIBEDU  |d 2019-11-19  |i 3154386  |o 823 LEW 1994  |p 3154386  |r 2019-11-19  |w 2019-11-19  |y BK  |k EDU